• 首页
  • 本馆介绍
  • 公告通知
  • 最新文献
  • 馆藏检索
  • 电子资源
  • 读者导购
  • 参考咨询
  • 我的图书馆
  • 登录
  • 详细信息显示
  • 放入我的书架
  • 预约/预借图书
  • 作者相关作品
  • 分类相关作品
  • 丛书相关作品
  • 出版社相关作品

书目信息

  • 表格格式
  • 工作单格式
  • 卡片格式
题名:
工程力学
    
 
作者: 张晓梅 , 潘庆丰 主编
分册:  
出版信息: 北京   煤炭工业出版社  2009
页数: 242页
开本: 26cm
丛书名:
单 册:
中图分类: TB12
科图分类:
主题词: 工程力学--高等教育--教材
电子资源:
ISBN: 978-7-5020-3450-4
000 00832nam0 2200241 450
001 2330468504
005 20231219211822.66
010    @a978-7-5020-3450-4@dCNY 30.00
100    @a20090513d2009 em y0chiy0120 ea
101 0  @achi
102    @aCN@b110000
105    @ay z 000yy
200 1  @a工程力学@Agong cheng li xue@b专著@f张晓梅,潘庆丰主编
210    @a北京@c煤炭工业出版社@d2009
215    @a242页@d26cm
300    @a全国煤炭高职高专“十一五”规划教材
330    @a本书内容包括静力学、平面特殊力系、平面空间力系、空间力系、运动学、轴向拉伸和压缩、平面弯曲、组合变形的强度计算、压杆稳定等。
606 0  @a工程力学@x高等教育@j教材
690    @aTB12@v5
701  0 @a张晓梅@Azhang xiao mei@c(工程力学)@4主编
701  0 @a潘庆丰@Apan qing feng@f(1959 )@4主编
801  2 @aCN@b辽宁北配@c20231205
905    @aZUCC@dTB12@e15
    
    工程力学/张晓梅,潘庆丰主编.-北京:煤炭工业出版社,2009
    242页;26cm
    全国煤炭高职高专“十一五”规划教材
    
    ISBN 978-7-5020-3450-4:CNY 30.00
    本书内容包括静力学、平面特殊力系、平面空间力系、空间力系、运动学、轴向拉伸和压缩、平面弯曲、组合变形的强度计算、压杆稳定等。
●
相关链接 在五车中查询图书 在当当中查询图书 在豆瓣中查询图书


正题名:工程力学     索取号:TB12/15         预约/预借

序号 登录号 条形码 馆藏地/架位号 状态 备注
1 2001532931   2001532931   319书库/ [索取号:TB12/15] 在馆    
2 2001532932   2001532932   319书库/ [索取号:TB12/15] 在馆    
3 2001532933   2001532933   319书库/ [索取号:TB12/15] 在馆    
4 2001532934   2001532934   319书库/ [索取号:TB12/15] 在馆    
5 2001532935   2001532935   319书库/ [索取号:TB12/15] 在馆    
6 2001532936   2001532936   319书库/ [索取号:TB12/15] 在馆    
7 2001532937   2001532937   319书库/ [索取号:TB12/15] 在馆    
8 2001532938   2001532938   319书库/ [索取号:TB12/15] 在馆    
9 2001532939   2001532939   319书库/ [索取号:TB12/15] 在馆    
10 2001532940   2001532940   319书库/ [索取号:TB12/15] 在馆    
11 2001532941   2001532941   319书库/ [索取号:TB12/15] 在馆    
12 2001532942   2001532942   319书库/ [索取号:TB12/15] 在馆    
13 2001532943   2001532943   319书库/ [索取号:TB12/15] 在馆    
14 2001532944   2001532944   319书库/ [索取号:TB12/15] 在馆    
15 2001532945   2001532945   319书库/ [索取号:TB12/15] 在馆    
16 2001532946   2001532946   319书库/ [索取号:TB12/15] 在馆    
17 2001532947   2001532947   319书库/ [索取号:TB12/15] 在馆    
18 2001532948   2001532948   216-217主题书屋/216室1架1层1列/ [索取号:TB12/15] 在馆    
19 2001532949   2001532949   216-217主题书屋/216室1架1层1列/ [索取号:TB12/15] 在馆    
20 2001532950   2001532950   216-217主题书屋/216室1架1层1列/ [索取号:TB12/15] 在馆    
21 2001532951   2001532951   216-217主题书屋/216室1架1层1列/ [索取号:TB12/15] 在馆    
22 2001532952   2001532952   216-217主题书屋/216室1架1层1列/ [索取号:TB12/15] 在馆    
23 2001532953   2001532953   216-217主题书屋/216室1架1层1列/ [索取号:TB12/15] 在馆    
24 2001532954   2001532954   319书库/ [索取号:TB12/15] 在馆    
25 2001532955   2001532955   319书库/ [索取号:TB12/15] 在馆    
26 2001532956   2001532956   319书库/ [索取号:TB12/15] 在馆    
27 2001532957   2001532957   319书库/ [索取号:TB12/15] 在馆    
28 2001532958   2001532958   319书库/ [索取号:TB12/15] 在馆    
29 2001532959   2001532959   319书库/ [索取号:TB12/15] 在馆    
30 2001532960   2001532960   319书库/ [索取号:TB12/15] 在馆    
山东省滨州职业学院图书馆 欢迎您!
大连网信软件有限公司© 版权所有